000 01266nam a22002297a 4500
999 _c60841
_d60841
003 Ge_BSU
005 20231106160433.0
008 231106s2021 ge ||||| |||| 00| 0 geo d
020 _a9789941829697
041 _ageo
080 _a28 ჯ-14
100 _aჯაველიძე, ელიზბარ
_917629
245 _aგანთიადის გამნათებელ ღმერთს ველტვი, რათა უკუნი ღამის ბოროტებას განვერიდო = Sabaha aydinliyan Rabbina siğinirim karanliği çoktuğu zaman gecenin kötülüğünden
_bტ. 2 /
_cელიზბარ ჯაველიძე; რედაქტორი ნინო კვიტაშვილი.
264 _aთბილისი,
_c2021.
300 _a312 გვ. ;
_b25 სმ.
490 _aთურქულენოვან ხალხთა ზნეობრივ-ესთეტიკური სამყარო
500 _aბიბლიოგრაფია: გვ. 300-310.
653 _aისლამი.
700 _aკვიტაშვილი, ნინო
_eრედაქტორი.
_920289
773 _tნაჩუქარი
942 _2udc
_cᲬᲘᲒᲜᲘ